College algebra / (Record no. 664)

MARC details
000 -LEADER
fixed length control field 00740cam a2200265 a 4500
001 - CONTROL NUMBER
control field 16571324
003 - CONTROL NUMBER IDENTIFIER
control field OSt
005 - DATE AND TIME OF LATEST TRANSACTION
control field 20250420134820.0
008 - FIXED-LENGTH DATA ELEMENTS--GENERAL INFORMATION
fixed length control field 101208s2012 maua 001 0 eng
010 ## - LIBRARY OF CONGRESS CONTROL NUMBER
LC control number 2010047534
020 ## - INTERNATIONAL STANDARD BOOK NUMBER
International Standard Book Number 9780321716811
035 ## - SYSTEM CONTROL NUMBER
System control number (OCoLC)ocn691202021
040 ## - CATALOGING SOURCE
Original cataloging agency DLC
Transcribing agency KCST
Modifying agency YDX
-- YDXCP
-- BWX
-- DLC
050 00 - LIBRARY OF CONGRESS CALL NUMBER
Classification number QA154.3
Item number .S763 2012
082 00 - DEWEY DECIMAL CLASSIFICATION NUMBER
Classification number 512.9
Edition information 22
Item number Su Co
100 1# - MAIN ENTRY--PERSONAL NAME
Personal name Sullivan, Michael,
Dates associated with a name 1942-
9 (RLIN) 5245
245 10 - TITLE STATEMENT
Title College algebra /
Statement of responsibility, etc. Michael Sullivan.
250 ## - EDITION STATEMENT
Edition statement 9th ed.
260 ## - PUBLICATION, DISTRIBUTION, ETC.
Place of publication, distribution, etc. Boston :
Name of publisher, distributor, etc. Pearson Prentice Hall,
Date of publication, distribution, etc. 2012.
300 ## - PHYSICAL DESCRIPTION
Extent xxx, 708, [92] p. :
Other physical details ill. (some col.) ;
Dimensions 29 cm.
500 ## - GENERAL NOTE
General note Includes index.
650 #0 - SUBJECT ADDED ENTRY--TOPICAL TERM
Topical term or geographic name entry element Algebra
Form subdivision Textbooks.
9 (RLIN) 5246
942 ## - ADDED ENTRY ELEMENTS (KOHA)
Koha item type Book
942 ## - ADDED ENTRY ELEMENTS (KOHA)
Source of classification or shelving scheme Dewey Decimal Classification
Holdings
Withdrawn status Lost status Source of classification or shelving scheme Damaged status Not for loan Home library Current library Date acquired Source of acquisition Cost, normal purchase price Total checkouts Full call number Barcode Date last seen Price effective from Koha item type
    Dewey Decimal Classification     KCST Library KCST Library 24/08/2021 Donated by TA Mr. Abdullah -English Dept. 0.00   512.9 Su Co 1000000769 24/08/2021 24/08/2021 Book
© 2025 KCST. All rights reserved